<?xml version="1.0" encoding="UTF-8"?>
<record
    xmlns:xsi="http://www.w3.org/2001/XMLSchema-instance"
    xsi:schemaLocation="http://www.loc.gov/MARC21/slim http://www.loc.gov/standards/marcxml/schema/MARC21slim.xsd"
    xmlns="http://www.loc.gov/MARC21/slim">

  <leader>02298nam a2200337 a 4500</leader>
  <controlfield tag="001"> </controlfield>
  <controlfield tag="003">OSt</controlfield>
  <controlfield tag="005">20220114100147.0</controlfield>
  <controlfield tag="008">090814s2004    dr ac         001 0 spa d</controlfield>
  <datafield tag="020" ind1=" " ind2=" ">
    <subfield code="a">9993448133</subfield>
  </datafield>
  <datafield tag="040" ind1=" " ind2=" ">
    <subfield code="a">DO-SdBNP</subfield>
    <subfield code="b">spa</subfield>
    <subfield code="c">BPMSU </subfield>
  </datafield>
  <datafield tag="082" ind1=" " ind2=" ">
    <subfield code="a">342.7293 </subfield>
    <subfield code="b">C758m 2004</subfield>
    <subfield code="2">22</subfield>
  </datafield>
  <datafield tag="240" ind1="0" ind2="0">
    <subfield code="a">Constituci&#xF3;n.</subfield>
    <subfield code="f">1963</subfield>
  </datafield>
  <datafield tag="245" ind1="0" ind2="0">
    <subfield code="a">Constituci&#xF3;n de 1963, 40 a&#xF1;os despu&#xE9;s :</subfield>
    <subfield code="b">vigencia y perspectivas /</subfield>
    <subfield code="c">edici&#xF3;n Aura Celeste Fern&#xE1;ndez R. ... [et al.] ; pr&#xF3;logo Jorge Nef.</subfield>
  </datafield>
  <datafield tag="246" ind1="1" ind2="3">
    <subfield code="a">Ponencias del Panel realizado en UNIBE el 29 de abril de 2003</subfield>
  </datafield>
  <datafield tag="260" ind1=" " ind2=" ">
    <subfield code="a">Santo Domingo :</subfield>
    <subfield code="b">UNIBE,</subfield>
    <subfield code="c">2004.</subfield>
  </datafield>
  <datafield tag="300" ind1=" " ind2=" ">
    <subfield code="a">xli, 230 p. :</subfield>
    <subfield code="b">il., retrs. ;</subfield>
    <subfield code="c">22 cm.</subfield>
  </datafield>
  <datafield tag="500" ind1=" " ind2=" ">
    <subfield code="a">Con la colaboraci&#xF3;n del Programa de Estudios Latinoamericanos, caribe&#xF1;os y Latinos de la Universidad del Sur de Florida</subfield>
  </datafield>
  <datafield tag="504" ind1=" " ind2=" ">
    <subfield code="a">Incluye bibliograf&#xED;a y notas al pie de p&#xE1;ginas.</subfield>
  </datafield>
  <datafield tag="504" ind1=" " ind2=" ">
    <subfield code="a">Bibliograf&#xED;a: p.39-41.</subfield>
  </datafield>
  <datafield tag="505" ind1="0" ind2=" ">
    <subfield code="g">Presentaci&#xF3;n /</subfield>
    <subfield code="r">Aura Celeste Fern&#xE1;ndez R. --</subfield>
    <subfield code="g">Pr&#xF3;logo /</subfield>
    <subfield code="r">Jorge Nef. --</subfield>
    <subfield code="t">Palabras de bienvenida al panel /</subfield>
    <subfield code="r">Gustavo Batista Vergas; Diomedes N&#xFA;&#xF1;ez Polanco; Aura Celeste Fern&#xE1;ndez R.; Guillermo Moreno --</subfield>
    <subfield code="t">Los derechos sociales en la Constituci&#xF3;n de 1963 /</subfield>
    <subfield code="r">Rafael f. Albuquerque --</subfield>
    <subfield code="t">La Constituci&#xF3;n de 1963 y sus antecedentes /</subfield>
    <subfield code="r">Luis G&#xF3;mez P&#xE9;rez --</subfield>
    <subfield code="t">Derechos humanos en la Constituci&#xF3;n de 1963 /</subfield>
    <subfield code="r">Cesar Pina Toribio --</subfield>
    <subfield code="t">Factores que incidieron en formaci&#xF3;n de la Constituci&#xF3;n de 1963 /</subfield>
    <subfield code="r">Flavio Dar&#xED;o Espinal Jacobo --</subfield>
    <subfield code="t">Trascendencia hist&#xF3;rica de la Constituci&#xF3;n de 1963: insinuaciones para la renovaci&#xF3;n democr&#xE1;tica y popular dominicana /</subfield>
    <subfield code="r">Jos&#xE9; Ant&#xED;noe Fiallo Billini --</subfield>
    <subfield code="t">Impacto de la Constituci&#xF3;n de 1963 en la prensa /</subfield>
    <subfield code="r">Rafael Molina Morillo --</subfield>
    <subfield code="t">El legado de la Constituci&#xF3;n de 1963 a la reforma constitucional pendiente /</subfield>
    <subfield code="r">Leyda Margarita Pi&#xF1;a --</subfield>
    <subfield code="g">Palabras de cierre del evento /</subfield>
    <subfield code="r">Daniel Beltr&#xE9; --</subfield>
    <subfield code="g">Anexos.</subfield>
  </datafield>
  <datafield tag="590" ind1=" " ind2=" ">
    <subfield code="a">Inventariado,2019/VM</subfield>
  </datafield>
  <datafield tag="651" ind1=" " ind2="4">
    <subfield code="a">Rep&#xFA;blica Dominicana </subfield>
    <subfield code="x">Constituci&#xF3;n,1963</subfield>
  </datafield>
  <datafield tag="651" ind1=" " ind2="4">
    <subfield code="a">Rep&#xFA;blica Dominicana </subfield>
    <subfield code="x">Derecho constitucional </subfield>
    <subfield code="x">Ensayos, conferencias, etc. </subfield>
  </datafield>
  <datafield tag="700" ind1="1" ind2=" ">
    <subfield code="a">Fern&#xE1;ndez R., Aura Celeste,</subfield>
    <subfield code="d">1958-</subfield>
  </datafield>
  <datafield tag="700" ind1="1" ind2=" ">
    <subfield code="a">Nef, Jorge,</subfield>
    <subfield code="e">pr&#xF3;l.</subfield>
  </datafield>
  <datafield tag="710" ind1="1" ind2=" ">
    <subfield code="a">Universidad Iberoamericana (Rep&#xFA;blica Dominicana)</subfield>
  </datafield>
  <datafield tag="710" ind1="1" ind2=" ">
    <subfield code="a">Fundaci&#xF3;n Juan Bosch (Rep&#xFA;blica Dominicana)</subfield>
  </datafield>
  <datafield tag="910" ind1=" " ind2=" ">
    <subfield code="a">VMateo V. </subfield>
  </datafield>
  <datafield tag="942" ind1=" " ind2=" ">
    <subfield code="2">ddc</subfield>
    <subfield code="c">BK</subfield>
  </datafield>
  <datafield tag="952" ind1=" " ind2=" ">
    <subfield code="0">0</subfield>
    <subfield code="1">0</subfield>
    <subfield code="2">ddc</subfield>
    <subfield code="4">0</subfield>
    <subfield code="7">0</subfield>
    <subfield code="8">CD</subfield>
    <subfield code="a">BPMET</subfield>
    <subfield code="b">BPMET</subfield>
    <subfield code="d">2022-01-14</subfield>
    <subfield code="e">Fundac&#xF3;n Juan Bosch </subfield>
    <subfield code="o">BPMSU CD 342.7293 C758m 2004</subfield>
    <subfield code="p">BPMSU22010022</subfield>
    <subfield code="r">2022-01-14</subfield>
    <subfield code="w">2022-01-14</subfield>
    <subfield code="y">BK</subfield>
  </datafield>
  <datafield tag="952" ind1=" " ind2=" ">
    <subfield code="0">0</subfield>
    <subfield code="1">0</subfield>
    <subfield code="2">ddc</subfield>
    <subfield code="4">0</subfield>
    <subfield code="7">0</subfield>
    <subfield code="8">CD</subfield>
    <subfield code="a">BPMET</subfield>
    <subfield code="b">BPMET</subfield>
    <subfield code="d">2022-01-14</subfield>
    <subfield code="e">Fundac&#xF3;n Juan Bosch </subfield>
    <subfield code="l">0</subfield>
    <subfield code="o">BPMSU CD 342.7293  C758m 2004</subfield>
    <subfield code="p">BPMSU22010023</subfield>
    <subfield code="r">2022-01-14</subfield>
    <subfield code="t">e.2</subfield>
    <subfield code="w">2022-01-14</subfield>
    <subfield code="y">BK</subfield>
  </datafield>
  <datafield tag="999" ind1=" " ind2=" ">
    <subfield code="c">13943</subfield>
    <subfield code="d">13943</subfield>
  </datafield>
</record>
